000 00494nam a22001577a 4500
003 NUST
038 _aNusrat Nadeem
082 _a200
100 _aZaidi, Noor-ul-Anne
_9130782
245 _aOh Fudge; Hobby to Home Business/
_cNoor-ul-Anne Zaidi,
264 _aIslamabad:
_bNBS NUST.
_c2025.
650 _aMS- Innovation and Entrepreneurship
_9114384
700 _aSupervisor: Dr. Fareesa Malik
_9114385
856 _u http://10.250.8.41:8080/xmlui/handle/123456789/55157
942 _2ddc
_cSC
999 _c614963
_d614963